Vzdelávanie kontrolórov

Úloha strediska pre vzdelávanie pracovníkov kontroly v SR formou rekvalifikačných kurzov a školení, najmä kontrolných pracovníkov z orgánov štátnej správy, na centrálnej i miestnej úrovni. Tematické zameranie kurzov pre vzdelávanie pracovníkov. Odborné zameranie vzdelávacej činnosti v kurzoch. Finan...

ver descrição completa

Na minha lista:
Detalhes bibliográficos
Autor principal: Petrík, Gejza
Outros Autores: Práznovský, J.
Formato: Capítulo de Livro
Idioma:eslovaco
Assuntos:
Tags: Adicionar Tag
Sem tags, seja o primeiro a adicionar uma tag!

MARC

LEADER 00000naa a2200000 4500
001 r015787
005 20221213123705.5
041 0 |a slo 
044 |a SK 
245 1 0 |a Vzdelávanie kontrolórov  |c Gejza Petrík, J. Prázdnovský 
520 |a Úloha strediska pre vzdelávanie pracovníkov kontroly v SR formou rekvalifikačných kurzov a školení, najmä kontrolných pracovníkov z orgánov štátnej správy, na centrálnej i miestnej úrovni. Tematické zameranie kurzov pre vzdelávanie pracovníkov. Odborné zameranie vzdelávacej činnosti v kurzoch. Finančné náklady súvisiace s činnosťou strediska. 
610 2 0 |a vzdelávanie 
610 2 0 |a správa verejná 
610 2 0 |a správa štátna 
610 2 0 |a kurzy 
100 1 |a Petrík, Gejza 
700 1 |a Práznovský, J.